000 00527nam a2200169Ia 4500
008 150610s9999 xx 000 0 und d
020 _a439554888
050 _aPZ7
_b.Sn31c 2002  
100 _aSnicket, Lemony
245 4 _aThe carnivorous carnival /
_cby Lemony Snicket; illustrations by Brett Helquist.
260 _aNew York :
_bScholastic,
_c2002.
300 _a286pages ;
_c19 cm.
520 _aFiction.
650 _aBrothers and sisters
_xFiction.
650 _aCarnivals
_xFiction.
650 _aHumorous
_bFiction.
999 _c287859
_d287859